000 00598nam a2200217Ia 4500
003 OSt
005 20220928140619.0
006 a|||||r|||| 00| 0
007 ta
008 220927b |||||||| |||| 00| 0 eng d
024 _a9978
037 _cTextual
040 _aSDCL
_cSDCL
_beng
041 _2eng
_aeng
082 _aE9G,982, N0
100 _aCrabbe M James C Ed.
_9496263
245 0 _aEnzyme biotechnology protein engineering, structure predictionand termentation
260 _c1990
942 _hE9G,982, N0
_cTEXL
_2CC
999 _c812567
_d812567